Statistics for Population

Click here to take the quiz!

General Stats

  • This quiz has been taken 15 times
    (7 since last reset)
  • The average score is 5 of 197

Answer Stats

HintAnswer% Correct
1,425,829,476China
75%
1,422,772,890India
75%
339,183,559United States
75%
276,516,824Indonesia
50%
221,453,793Nigeria
50%
238,393,690Pakistan
50%
215,872,518Brazil
25%
1,770,060Kosovo
25%
17,594,519Netherlands
25%
144,665,449Russia
25%
518Vatican City
25%
41,740,433Afghanistan
0%
2,836,635Albania
0%
45,301,511Algeria
0%
80,088Andorra
0%
36,191,785Angola
0%
94,298Antigua and Barbuda
0%
45,646,580Argentina
0%
2,777,970Armenia
0%
26,323,003Australia
0%
8,950,567Austria
0%
10,388,872Azerbaijan
0%
411,224Bahamas
0%
1,479,914Bahrain
0%
172,174,905Bangladesh
0%
281,995Barbados
0%
9,517,821Belarus
0%
11,673,551Belgium
0%
408,028Belize
0%
13,551,965Benin
0%
784,627Bhutan
0%
12,308,839Bolivia
0%
3,219,239Bosnia and Herzegovina
0%
2,655,770Botswana
0%
451,125Brunei
0%
6,725,484Bulgaria
0%
22,992,697Burkina Faso
0%
13,083,292Burundi
0%
16,865,094Cambodia
0%
28,318,554Cameroon
0%
38,635,802Canada
0%
595,885Cape Verde
0%
5,668,181Central African Republic
0%
18,029,579Chad
0%
19,617,000Chile
0%
51,973,252Colombia
0%
845,082Comoros
0%
5,196,787Costa Rica
0%
4,018,408Croatia
0%
11,202,842Cuba
0%
1,255,942Cyprus
0%
10,491,099Czech Republic
0%
100,793,542Democratic Republic of Congo
0%
5,898,324Denmark
0%
1,129,462Djibouti
0%
73,040Dominica
0%
11,288,210Dominican Republic
0%
1,352,204East Timor
0%
18,106,554Ecuador
0%
111,945,583Egypt
0%
6,350,955El Salvador
0%
1,696,488Equatorial Guinea
0%
3,719,527Eritrea
0%
1,324,164Estonia
0%
1,206,626Eswatini
0%
125,116,561Ethiopia
0%
933,578Fiji
0%
5,544,076Finland
0%
64,700,614France
0%
2,415,585Gabon
0%
3,735,276Georgia
0%
83,311,424Germany
0%
33,833,810Ghana
0%
10,358,062Greece
0%
126,183Grenada
0%
17,980,121Guatemala
0%
14,042,338Guinea
0%
2,131,260Guinea-Bissau
0%
811,037Guyana
0%
11,661,817Haiti
0%
10,519,662Honduras
0%
10,235,970Hungary
0%
373,919Iceland
0%
88,881,715Iran
0%
45,054,101Iraq
0%
5,041,549Ireland
0%
9,114,373Israel
0%
58,946,322Italy
0%
28,551,289Ivory Coast
0%
2,825,544Jamaica
0%
123,586,968Japan
0%
11,317,469Jordan
0%
19,512,910Kazakhstan
0%
54,616,443Kenya
0%
132,116Kiribati
0%
4,291,924Kuwait
0%
6,689,188Kyrgyzstan
0%
7,587,619Laos
0%
1,838,603Latvia
0%
5,416,874Lebanon
0%
2,319,128Lesotho
0%
5,366,623Liberia
0%
6,854,817Libya
0%
39,584Liechtenstein
0%
2,729,542Lithuania
0%
651,971Luxembourg
0%
30,003,987Madagascar
0%
20,695,345Malawi
0%
34,146,252Malaysia
0%
522,420Maldives
0%
22,978,955Mali
0%
533,665Malta
0%
41,996Marshall Islands
0%
4,805,640Mauritania
0%
1,300,557Mauritius
0%
128,037,175Mexico
0%
115,224Micronesia
0%
3,490,482Moldova
0%
36,297Monaco
0%
3,426,176Mongolia
0%
626,485Montenegro
0%
37,672,174Morocco
0%
33,474,884Mozambique
0%
54,403,090Myanmar
0%
2,587,387Namibia
0%
12,780Nauru
0%
30,742,710Nepal
0%
5,209,916New Zealand
0%
7,002,948Nicaragua
0%
26,753,799Niger
0%
26,121,653North Korea
0%
2,088,476North Macedonia
0%
5,456,176Norway
0%
4,613,612Oman
0%
18,058Palau
0%
5,316,679Palestine
0%
4,441,511Panama
0%
10,247,402Papua New Guinea
0%
6,823,757Paraguay
0%
34,205,834Peru
0%
116,552,359Philippines
0%
41,426,163Poland
0%
10,258,795Portugal
0%
2,706,600Qatar
0%
6,046,722Republic of the Congo
0%
20,036,893Romania
0%
13,953,403Rwanda
0%
47,755Saint Kitts and Nevis
0%
180,251Saint Lucia
0%
103,698Saint Vincent and the Grenadines
0%
224,282Samoa
0%
33,642San Marino
0%
230,457Sao Tome and Principe
0%
36,710,609Saudi Arabia
0%
17,561,734Senegal
0%
7,177,052Serbia
0%
107,660Seychelles
0%
8,708,564Sierra Leone
0%
5,997,938Singapore
0%
5,841,358Slovakia
0%
2,119,675Slovenia
0%
733,431Solomon Islands
0%
17,897,187Somalia
0%
60,172,423South Africa
0%
51,800,846South Korea
0%
11,007,666South Sudan
0%
47,539,213Spain
0%
21,868,400Sri Lanka
0%
47,557,822Sudan
0%
620,439Suriname
0%
10,584,110Sweden
0%
8,771,491Switzerland
0%
22,724,826Syria
0%
23,910,686Taiwan
0%
10,059,616Tajikistan
0%
66,567,766Tanzania
0%
71,759,300Thailand
0%
2,742,396The Gambia
0%
8,962,878Togo
0%
107,773Tonga
0%
1,533,538Trinidad and Tobago
0%
12,409,265Tunisia
0%
85,616,101Turkey
0%
6,479,732Turkmenistan
0%
11,396Tuvalu
0%
47,990,581Uganda
0%
36,145,899Ukraine
0%
9,483,300United Arab Emirates
0%
67,636,053United Kingdom
0%
3,423,108Uruguay
0%
34,931,725Uzbekistan
0%
331,709Vanuatu
0%
28,588,097Venezuela
0%
98,567,897Vietnam
0%
34,114,087Yemen
0%
20,320,742Zambia
0%
16,508,742Zimbabwe
0%

Score Distribution

Percentile by Number Answered

Percent of People with Each Score

Your Score History

You have not taken this quiz since the last reset